<?xml version="1.0" encoding="UTF-8"?>
<record
    xmlns:xsi="http://www.w3.org/2001/XMLSchema-instance"
    xsi:schemaLocation="http://www.loc.gov/MARC21/slim http://www.loc.gov/standards/marcxml/schema/MARC21slim.xsd"
    xmlns="http://www.loc.gov/MARC21/slim">

  <leader>01060nam a22003131i 4500</leader>
  <datafield tag="999" ind1=" " ind2=" ">
    <subfield code="c">173894</subfield>
    <subfield code="d">173894</subfield>
  </datafield>
  <controlfield tag="003">OSt</controlfield>
  <controlfield tag="005">20190818163933.0</controlfield>
  <controlfield tag="007">ta</controlfield>
  <controlfield tag="008">190818s2019    my a|||jr|||| 000 | eng d</controlfield>
  <datafield tag="020" ind1=" " ind2=" ">
    <subfield code="a">9789672232209</subfield>
    <subfield code="c">RM 35.00</subfield>
    <subfield code="q">paperback</subfield>
  </datafield>
  <datafield tag="020" ind1=" " ind2=" ">
    <subfield code="a">9789672232186 (set)</subfield>
    <subfield code="c">RM 140.00</subfield>
    <subfield code="q">paperback</subfield>
  </datafield>
  <datafield tag="040" ind1=" " ind2=" ">
    <subfield code="a">PPAK</subfield>
    <subfield code="b">eng</subfield>
    <subfield code="c">PPAK</subfield>
    <subfield code="e">rda</subfield>
  </datafield>
  <datafield tag="082" ind1="0" ind2="4">
    <subfield code="2">23</subfield>
    <subfield code="a">823.92</subfield>
  </datafield>
  <datafield tag="090" ind1=" " ind2=" ">
    <subfield code="a">823.92</subfield>
    <subfield code="b">BRE</subfield>
    <subfield code="d">K</subfield>
  </datafield>
  <datafield tag="100" ind1="1" ind2=" ">
    <subfield code="a">Brezenoff, Steve, </subfield>
    <subfield code="t">author.</subfield>
  </datafield>
  <datafield tag="245" ind1="1" ind2="4">
    <subfield code="a">The MISSING Bully :</subfield>
    <subfield code="b">AN INTERACTIVE MYSTERY ADVENTURE / </subfield>
    <subfield code="c">by Steve Brezenoff ; illustrated by Marcos Calo</subfield>
  </datafield>
  <datafield tag="264" ind1=" " ind2="1">
    <subfield code="a">Puchong, Selangor : </subfield>
    <subfield code="b">PENERBITAN ILMU HARAPAN, </subfield>
    <subfield code="c">2019</subfield>
  </datafield>
  <datafield tag="300" ind1=" " ind2=" ">
    <subfield code="a">105 pages ; 7 unnumbered pages : </subfield>
    <subfield code="b">colour illustrations ;</subfield>
    <subfield code="c">19 cm</subfield>
  </datafield>
  <datafield tag="336" ind1=" " ind2=" ">
    <subfield code="2">rdacontent</subfield>
    <subfield code="a">text</subfield>
  </datafield>
  <datafield tag="337" ind1=" " ind2=" ">
    <subfield code="2">rdamedia</subfield>
    <subfield code="a">unmediated</subfield>
  </datafield>
  <datafield tag="338" ind1=" " ind2=" ">
    <subfield code="2">rdacarrier</subfield>
    <subfield code="a">volume</subfield>
  </datafield>
  <datafield tag="490" ind1="1" ind2=" ">
    <subfield code="a"> YOU CHOOSE STORIES</subfield>
  </datafield>
  <datafield tag="650" ind1="1" ind2="0">
    <subfield code="a">Young adult fiction, English</subfield>
  </datafield>
  <datafield tag="650" ind1="2" ind2="0">
    <subfield code="a">Mystery and detective stories </subfield>
  </datafield>
  <datafield tag="650" ind1="2" ind2="0">
    <subfield code="a">English fiction</subfield>
  </datafield>
  <datafield tag="700" ind1="1" ind2=" ">
    <subfield code="a">Calo, Marcos, </subfield>
    <subfield code="e">illustrator.</subfield>
  </datafield>
  <datafield tag="830" ind1=" " ind2="0">
    <subfield code="a"> You choose stories</subfield>
  </datafield>
  <datafield tag="942" ind1=" " ind2=" ">
    <subfield code="2">ddc</subfield>
    <subfield code="c">B</subfield>
  </datafield>
  <datafield tag="952" ind1=" " ind2=" ">
    <subfield code="0">0</subfield>
    <subfield code="7">0</subfield>
    <subfield code="b">PPAK</subfield>
    <subfield code="c">K</subfield>
    <subfield code="d">2019-08-20</subfield>
    <subfield code="l">4</subfield>
    <subfield code="m">1</subfield>
    <subfield code="o">K 823.92 BRE</subfield>
    <subfield code="p">A01612907</subfield>
    <subfield code="r">2026-04-04 10:30:46</subfield>
    <subfield code="s">2026-02-23</subfield>
    <subfield code="y">B</subfield>
  </datafield>
  <datafield tag="952" ind1=" " ind2=" ">
    <subfield code="0">0</subfield>
    <subfield code="7">0</subfield>
    <subfield code="b">SP</subfield>
    <subfield code="c">K</subfield>
    <subfield code="d">2019-08-20</subfield>
    <subfield code="l">8</subfield>
    <subfield code="o">K 823.92 BRE</subfield>
    <subfield code="p">A01612908</subfield>
    <subfield code="r">2026-05-25 13:15:03</subfield>
    <subfield code="s">2026-05-10</subfield>
    <subfield code="y">B</subfield>
  </datafield>
  <datafield tag="952" ind1=" " ind2=" ">
    <subfield code="0">0</subfield>
    <subfield code="7">0</subfield>
    <subfield code="b">KM</subfield>
    <subfield code="c">K</subfield>
    <subfield code="d">2019-08-20</subfield>
    <subfield code="l">2</subfield>
    <subfield code="m">2</subfield>
    <subfield code="o">K 823.92 BRE</subfield>
    <subfield code="p">A01612909</subfield>
    <subfield code="r">2023-02-21 00:00:00</subfield>
    <subfield code="s">2023-01-24</subfield>
    <subfield code="y">B</subfield>
  </datafield>
  <datafield tag="952" ind1=" " ind2=" ">
    <subfield code="0">0</subfield>
    <subfield code="7">0</subfield>
    <subfield code="b">JT</subfield>
    <subfield code="c">K</subfield>
    <subfield code="d">2019-08-20</subfield>
    <subfield code="l">2</subfield>
    <subfield code="m">1</subfield>
    <subfield code="o">K 823.92 BRE</subfield>
    <subfield code="p">A01612910</subfield>
    <subfield code="r">2021-05-08 00:00:00</subfield>
    <subfield code="s">2021-03-30</subfield>
    <subfield code="y">B</subfield>
  </datafield>
  <datafield tag="952" ind1=" " ind2=" ">
    <subfield code="0">0</subfield>
    <subfield code="7">0</subfield>
    <subfield code="b">LW</subfield>
    <subfield code="c">K</subfield>
    <subfield code="d">2019-08-20</subfield>
    <subfield code="l">1</subfield>
    <subfield code="m">1</subfield>
    <subfield code="o">K 823.92 BRE</subfield>
    <subfield code="p">A01612911</subfield>
    <subfield code="r">2021-04-22 00:00:00</subfield>
    <subfield code="s">2021-03-21</subfield>
    <subfield code="y">B</subfield>
  </datafield>
  <datafield tag="952" ind1=" " ind2=" ">
    <subfield code="0">0</subfield>
    <subfield code="7">0</subfield>
    <subfield code="b">BL</subfield>
    <subfield code="c">K</subfield>
    <subfield code="d">2019-08-20</subfield>
    <subfield code="o">K 823.92 BRE</subfield>
    <subfield code="p">A01612912</subfield>
    <subfield code="r">2019-08-20 00:00:00</subfield>
    <subfield code="y">B</subfield>
  </datafield>
  <datafield tag="952" ind1=" " ind2=" ">
    <subfield code="0">0</subfield>
    <subfield code="7">0</subfield>
    <subfield code="b">BB</subfield>
    <subfield code="c">K</subfield>
    <subfield code="d">2019-08-20</subfield>
    <subfield code="o">K 823.92 BRE</subfield>
    <subfield code="p">A01612913</subfield>
    <subfield code="r">2019-08-20 00:00:00</subfield>
    <subfield code="y">B</subfield>
  </datafield>
  <datafield tag="952" ind1=" " ind2=" ">
    <subfield code="0">0</subfield>
    <subfield code="7">0</subfield>
    <subfield code="b">MR</subfield>
    <subfield code="c">K</subfield>
    <subfield code="d">2019-08-20</subfield>
    <subfield code="l">3</subfield>
    <subfield code="o">K 823.92 BRE</subfield>
    <subfield code="p">A01612914</subfield>
    <subfield code="r">2025-02-01 15:10:20</subfield>
    <subfield code="s">2025-01-11</subfield>
    <subfield code="y">B</subfield>
  </datafield>
</record>
